Disaster- Conan Gray (Lyrics) - Statistics

General Stats
  • This quiz has been taken 26 times
  • The average score is 253 of 295
Answer Stats
Section Lyrics % Correct
a
100%
at
100%
I
100%
"I
100%
it
100%
leave
100%
me
100%
my
100%
the
100%
to
100%
all
93%
and
93%
And
93%
be
93%
but
93%
But
93%
call
93%
could
93%
disaster
93%
have
93%
I'm
93%
"I'm
93%
in
93%
keys
93%
party
93%
say
93%
Chorus This
93%
was
93%
you
93%
you"
93%
You
93%
bit
86%
Blake's
86%
called"
86%
car
86%
chapter
86%
didn't
86%
don't
86%
drunk
86%
faster
86%
Had
86%
Halloween
86%
hand
86%
Is
86%
it's
86%
just
86%
Verse 1 | Verse 2 Let
86%
liar
86%
like
86%
love
86%
night
86%
night?
86%
Post-Chorus Oh
86%
oh
86%
(Oh
86%
oh)
86%
out
86%
really
86%
scene
86%
set
86%
shouldn't
86%
that
86%
then
86%
up
86%
us
86%
we're
86%
what
86%
Where
86%
after?
79%
'Cause
79%
critical
79%
every
79%
freak
79%
if
79%
keeping
79%
left
79%
little
79%
long
79%
losin'
79%
of
79%
plastered
79%
sayin'
79%
backwards
71%
between
71%
factors
71%
fallin'
71%
for
71%
many
71%
now
71%
platonic
71%
so
71%
There's
71%
there's
71%
you're
71%
You're
71%
Ashley
64%
better
64%
I'd
64%
it'd
64%
know
64%
made
64%
off
64%
pedaling
64%
potential
64%
purely
64%
read
64%
readin'
64%
something
64%
text
64%
won't
64%
wrong
64%
believes
57%
by
57%
died
57%
lose
57%
Outro Maybe
57%
messed
57%
mind
57%
mistaken
57%
not
57%
mine
50%
takin'
50%
No matching quizzes found
Score Distribution
Percent of People with Each Score
Percentile by Number Answered
Your Score History
You have not taken this quiz